Kursus penyelarasan penulisan laporan pasaran harta ( Zon tengah ) : 5 - 7 Mei 2008

Bibliographic Details
Corporate Authors: Kursus penyelarasan penulisan laporan pasaran harta ( Zon tengah ), INSPEN ( Institut Penilaian Negara )
Format: Book
Language:English
Published: Bangi : Institut Penilaian Negara , 2008
Subjects:
Online Access:http://app.inspen.gov.my:7779/pls/portal/docs/PAGE/CORPORATEPAGES/PORTAL_INSPEN/NOTA_KURSUS/PIHT/KURSUS%20PENYELARASAN%20PENULISAN%20LPH%20(ZON%20TENGAH).PDF

MARC

LEADER 00000cam a2200000 7i4500
001 0000021891
005 20090316.0
008 090202 my a eng
040 |a INS 
090 0 0 |a PIHT9 
110 1 |a Kursus penyelarasan penulisan laporan pasaran harta ( Zon tengah ) ,   |d 2008 5 - 7 Mei   |c INSPEN, Bangi 
245 0 0 |a Kursus penyelarasan penulisan laporan pasaran harta ( Zon tengah ) :   |b 5 - 7 Mei 2008   |c Anjuran Pusat Pengurusan dan Teknologi Maklumat, INSPEN 
260 |a Bangi :   |b Institut Penilaian Negara ,   |c 2008 
300 |a 1v. (Various pagings) :   |b ill. ;   |c 30 cm. 
650 0 |a Report writing 
710 1 |a INSPEN ( Institut Penilaian Negara ) 
856 |u http://app.inspen.gov.my:7779/pls/portal/docs/PAGE/CORPORATEPAGES/PORTAL_INSPEN/NOTA_KURSUS/PIHT/KURSUS%20PENYELARASAN%20PENULISAN%20LPH%20(ZON%20TENGAH).PDF 
999 |a PIHT000001   |b BOOK   |c Course Notes   |e Default branch 
999 |a PIHT000002   |b BOOK   |c Course Notes   |e Default branch 
999 |a PIHT000003   |b BOOK   |c Course Notes   |e Default branch